| 000 | 00482nam a22001097a 4500 | ||
|---|---|---|---|
| 008 | 110627t xxu||||| |||| 00| 0 eng d | ||
| 010 | _aHCMAF104 | ||
| 245 | _aHigh Court Misc. Application No. 433 OF 2002 (ARISING FROM CIVIL SUIT NO. 352 OF 2002) Chotalal Khiroya and others Vs John Ssebalamu and others | ||
| 260 | _c2002 | ||
| 500 | _aBEFORE: THE HON. AG. JUSTICE LAMECK N. MUKASA | ||
| 999 |
_c4143 _d4143 |
||